000 00692nam a2200265Ia 4500
003 OSt
005 20221006143942.0
006 a|||||r|||| 00| 0
007 ta
008 221006b |||||||| |||| 00| 0 eng d
020 _cP12.95
024 _a10,475
037 _cTextual
040 _aEASL
_cEASL
_beng
041 _2eng
_aeng
082 _aW:19(zS).N80, M2
100 _aPRINGLE Peter
_997235
245 0 _aNuclear barons
260 _aLondon
_bMichael Joseph
_c1982
300 _a578p.
_ccm.
490 _v Oth
700 _a SPIGELMAN James
_997236
942 _hW:19(zS).N80, M2
_cTEXL
_2CC
999 _c1078561
_d1078561